La cultura nei colori #7 - Grigio - Statistics

Statistiche generali
  • Questo quiz è stato fatto 1.633 volte
  • Il punteggio medio è 10 su 20
Statistiche sulle risposte
Definizioni Risposte % Corretto
Gli anni di matrimonio di chi festeggia le "nozze d'argento" 25
85%
In un libro del 2011 sono 50 e grigie Sfumature
84%
Sottospecie del Canis lupus presente in Europa e Asia Lupo Grigio
80%
Marsupiale australiano dal mantello grigio Koala
77%
Famosa serie TV con protagonisti dei medici di Seattle Grey's Anatomy
75%
Così è comunemente chiamato l'insieme di cellule e nervi presenti nel cervello Materia Grigia
75%
Così è chiamato in Italia il periodo tra fine anni '60 e inizio anni '80 segnati dal terrorismo Anni di {piombo}
71%
Lega di ferro e carbonio dal colore grigio lucente Acciaio
63%
Regista di "Suspiria" e "Profondo Rosso" Dario Argento
52%
Varietà di grigio che ricorda le ostriche Grigio Perla
45%
Vitigno tipico del triveneto Pinot grigio
45%
Personaggio "Grigio" poi diventato "Bianco" che ha combattuto contro il Balrog Gandalf
44%
Squadra di calcio italiana con la divisa grigiorossa Cremonese
41%
Il più esteso dei cantoni svizzeri Canton Grigioni
31%
Varietà di carbone che ha dato il nome a una sfumatura di grigio scuro Antracite
27%
Soprannome dato alle auto da corsa della Mercedes Frecce d'Argento
27%
Metallo grigio con numero atomico 30 Zinco
21%
Squadra di calcio italiana con la divisa di colore grigio Alessandria
18%
Consigliere occulto di un papa o di un regnante Eminenza grigia
16%
Romanzo di Mary Mapes Dodge Pattini d'Argento
12%
Nessun quiz corrispondente trovato
Distribuzione punteggi
Percentuale di utenti per punteggio
Percentile per numero di risposta
I tuoi punteggi nel tempo
Non hai fatto questo quiz